| 000 | nam a22 a 4500 | ||
|---|---|---|---|
| 999 |
_c2943 _d2943 |
||
| 003 | AKMAL | ||
| 005 | 20170518165151.0 | ||
| 008 | 170518s1992 my 00 eng d | ||
| 020 |
_a981012077X (pbk.): _cRM 11.00 |
||
| 020 | _a9971404648 | ||
| 040 |
_aAKMAL _cAKMAL |
||
| 049 | _amal | ||
| 082 | 0 | 4 | _a658 RUS |
| 090 |
_a658 _bRUS |
||
| 100 | 1 |
_aRustomji, M. K. _95958 |
|
| 245 | 1 | 4 |
_aThe art of management / _cM.K. Rustomji, S.A. Sapre |
| 260 |
_aKuala Lumpur : _bFederal Publications, _c1992 |
||
| 300 |
_a174p. ; _c18cm |
||
| 440 |
_aTimes management pocket guides _95957 |
||
| 650 |
_aManagement _91462 |
||
| 700 | 1 |
_aSapre, S. A. _95992 |
|
| 942 |
_2ddc _cBOOK |
||